[Event "Rottach Egern Seniors Cup 10th"]
[Site "Rottach Egern"]
[Date "2022.04.01"]
[Round "7"]
[White "Antoniacci, Ricardo"]
[Black "Klein, Reinhard"]
[Result "1-0"]
[WhiteElo "1706"]
[BlackElo "1874"]
[PlyCount "85"]
[EventDate "2022.03.26"]
[EventType "swiss"]
[EventRounds "9"]
[EventCountry "GER"]
[SourceTitle "CBM 207 Extra"]
[Source "ChessBase"]
[SourceDate "2022.05.31"]
[SourceVersion "1"]
[SourceVersionDate "2022.05.31"]
[SourceQuality "1"]

1. e4 d6 2. d4 Nf6 3. Nc3 g6 4. Bg5 Bg7 5. f4 0-0 6. Nf3 Nh5 7. Qd2 h6 8. Bh4 c6 9. h3 Nf6 10. e5 Nd5 11. Ne4 f5 12. Nf2 Qc7 13. c4 Nb6 14. Bd3 Be6 15. Rc1 d5 16. c5 Nc4 17. Qc3 a5 18. b3 Na3 19. Qb2 Nb5 20. a4 Na7 21. Qd2 Na6 22. Bb1 Nc8 23. 0-0 Nb4 24. Kh1 Bf7 25. g4 e6 26. Nd1 Kh7 27. Be1 Ne7 28. Qh2 Rh8 29. Bxb4 axb4 30. Qd2 Qa5 31. Ne3 b5 32. Bc2 h5 33. gxh5 gxh5 34. Nh4 Bh6 35. Nexf5 Nxf5 36. Nxf5 exf5 37. Bxf5+ Bg6 38. Qd3 Rhg8 39. Bxg6+ Rxg6 40. Rg1 Rag8 41. Rxg6 Rxg6 42. Rg1 Bg7 43. Rxg6 1-0

[Event "Rottach Egern Seniors Cup 10th"]
[Site "Rottach Egern"]
[Date "2022.03.29"]
[Round "4"]
[White "Klein, Reinhard"]
[Black "Zozin, Walter"]
[Result "1/2-1/2"]
[WhiteElo "1874"]
[BlackElo "1746"]
[PlyCount "46"]
[EventDate "2022.03.26"]
[EventType "swiss"]
[EventRounds "9"]
[EventCountry "GER"]
[SourceTitle "CBM 207 Extra"]
[Source "ChessBase"]
[SourceDate "2022.05.31"]
[SourceVersion "1"]
[SourceVersionDate "2022.05.31"]
[SourceQuality "1"]

1. d4 c6 2. Nf3 Qc7 3. c4 d6 4. Nc3 Nd7 5. e4 e5 6. Be3 Ngf6 7. h3 Be7 8. Be2 a5 9. 0-0 0-0 10. Rc1 Rd8 11. d5 Nf8 12. Qb3 Re8 13. Ne1 Bd7 14. Nd3 Qc8 15. Kh2 Kh8 16. c5 Ne6 17. cxd6 Bxd6 18. f3 Qb8 19. Na4 cxd5 20. Nb6 a4 21. Qd1 dxe4 22. Nxd7 Nxd7 23. fxe4 Nf4 1/2-1/2

[Event "Bad Wiessee Senioren Cup 8th"]
[Site "Bad Wiessee"]
[Date "2019.05.19"]
[Round "9"]
[White "Winter, Bernd"]
[Black "Klein, Reinhard"]
[Result "1-0"]
[WhiteElo "1890"]
[BlackElo "1863"]
[PlyCount "103"]
[EventDate "2019.05.11"]
[EventType "swiss"]
[EventRounds "9"]
[EventCountry "GER"]
[SourceTitle "EXT 2020"]
[Source "ChessBase"]
[SourceDate "2019.10.17"]
[SourceVersion "1"]
[SourceVersionDate "2019.10.17"]
[SourceQuality "1"]

1. e4 c5 2. Nf3 Nc6 3. d4 cxd4 4. Nxd4 e5 5. Nb3 Nf6 6. Nc3 d6 7. Bg5 Be7 8. Be2 Be6 9. 0-0 0-0 10. Qd2 a6 11. Rad1 Qd7 12. Bxf6 gxf6 13. Qh6 f5 14. Nc5 Qc8 15. Nxe6 Qxe6 16. Qxe6 fxe6 17. Bc4 Nd4 18. exf5 Rxf5 19. Rxd4 exd4 20. Bxe6+ Kg7 21. Bxf5 dxc3 22. bxc3 b5 23. f4 Rf8 24. g4 Bd8 25. Kg2 h5 26. h3 h4 27. Re1 Bf6 28. Re3 Rf7 29. Bc8 Rc7 30. Bxa6 Rc5 31. g5 Bxc3 32. Kf3 Bd2 33. Rd3 Be1 34. Rxd6 Rxc2 35. Bxb5 Rxa2 36. Rd7+ Kf8 37. g6 Rf2+ 38. Kg4 Rg2+ 39. Kf5 Bc3 40. Rf7+ Kg8 41. Bc4 Rg3 42. Rh7+ Kf8 43. Rxh4 Bg7 44. Rh7 Rc3 45. Bd5 Rc5 46. Ke6 Rc7 47. h4 Re7+ 48. Kd6 Ra7 49. f5 Bd4 50. Rxa7 Bxa7 51. f6 Bb8+ 52. Kd7 1-0

[Event "GER-ch Seniors 65"]
[Site "Hamburg"]
[Date "2018.07.25"]
[Round "5"]
[White "Lichtblau, Ernst"]
[Black "Klein, Reinhard"]
[Result "0-1"]
[WhiteElo "1726"]
[BlackElo "1876"]
[PlyCount "30"]
[EventDate "2018.07.21"]
[EventType "swiss"]
[EventRounds "9"]
[EventCountry "GER"]
[SourceTitle "CBM 186 Extra"]
[Source "ChessBase"]
[SourceDate "2018.08.24"]
[SourceVersion "1"]
[SourceVersionDate "2018.08.24"]
[SourceQuality "1"]

1. Nf3 d5 2. b3 Nf6 3. Bb2 Nbd7 4. e3 e6 5. Be2 Bd6 6. d4 0-0 7. 0-0 Re8 8. Ne5 c5 9. Nxd7 Bxd7 10. dxc5 Bxc5 11. Nd2 Qe7 12. c4 Bc6 13. cxd5 Nxd5 14. Kh1 Bxe3 15. fxe3 Nxe3 0-1

[Event "Schleswig Holstein-ch Seniors op 10th"]
[Site "Buesum"]
[Date "2016.10.01"]
[Round "6"]
[White "Klein, Reinhard"]
[Black "Schwab, Wolfgang"]
[Result "1-0"]
[WhiteElo "1884"]
[BlackElo "1796"]
[PlyCount "97"]
[EventDate "2016.09.26"]
[EventType "swiss"]
[EventRounds "9"]
[EventCountry "GER"]
[SourceTitle "EXT 2019"]
[Source "ChessBase"]
[SourceDate "2018.10.10"]
[SourceVersion "1"]
[SourceVersionDate "2018.10.10"]
[SourceQuality "1"]

1. d4 Nf6 2. Nf3 g6 3. c4 c5 4. d5 b5 5. cxb5 a6 6. bxa6 Bxa6 7. Nc3 d6 8. e4 Bxf1 9. Kxf1 Bg7 10. g3 0-0 11. Kg2 Nbd7 12. Qe2 Qc7 13. Nb5 Qb7 14. a4 Ne8 15. Ra3 Nc7 16. Nxc7 Qxc7 17. Nd2 Rfb8 18. Nc4 Nb6 19. b3 Nxc4 20. Qxc4 Rb4 21. Qc2 c4 22. Be3 Rab8 23. Rc1 Qd7 24. Rb1 h5 25. a5 h4 26. Bb6 h3+ 27. Kg1 Qg4 28. bxc4 Rxb1+ 29. Qxb1 Qe2 30. Qf1 Qxe4 31. Re3 Qf5 32. Rxe7 Bd4 33. Bxd4 Qg4 34. Bb6 Qg5 35. Re3 Qf5 36. Rb3 Qc2 37. Re3 Qf5 38. Qd3 Qf6 39. Re1 Qg5 40. f4 Qg4 41. Qe3 Qf5 42. Qe4 Qg4 43. Kf2 Qd7 44. Re2 Kf8 45. Qd4 Kg8 46. Ra2 Qf5 47. Rb2 f6 48. Re2 g5 49. Qe4 1-0

[Event "Schleswig Holstein-ch Seniors op 10th"]
[Site "Buesum"]
[Date "2016.09.30"]
[Round "5"]
[White "Strobel, Walter"]
[Black "Klein, Reinhard"]
[Result "1-0"]
[WhiteElo "2275"]
[BlackElo "1884"]
[PlyCount "97"]
[EventDate "2016.09.26"]
[EventType "swiss"]
[EventRounds "9"]
[EventCountry "GER"]
[SourceTitle "EXT 2019"]
[Source "ChessBase"]
[SourceDate "2018.10.10"]
[SourceVersion "1"]
[SourceVersionDate "2018.10.10"]
[SourceQuality "1"]

1. e4 c6 2. d4 d5 3. Nc3 dxe4 4. Nxe4 Nf6 5. Nxf6+ exf6 6. Be3 Be6 7. Bd3 Bd6 8. Nf3 Nd7 9. Qe2 0-0 10. 0-0 Qc7 11. h3 Rfe8 12. Rfe1 Bd5 13. c4 Be4 14. Bxe4 Rxe4 15. Qd3 Rae8 16. Bd2 Rxe1+ 17. Rxe1 Rxe1+ 18. Bxe1 c5 19. d5 Ne5 20. Nxe5 fxe5 21. Bc3 Qe7 22. Qe3 f5 23. f3 b6 24. b3 Kf7 25. g4 f4 26. Qe4 g6 27. Kg2 h5 28. Be1 h4 29. Kf1 Kg7 30. Bf2 Qf6 31. Ke2 Kf7 32. Kd3 Kg7 33. Be1 Be7 34. Bc3 Bd6 35. a3 a5 36. Be1 Kf7 37. Kc2 Kg7 38. Bd2 Kf7 39. Kb1 Kg7 40. Be1 Kf7 41. Bf2 Kg7 42. b4 axb4 43. axb4 Kh6 44. Kc2 Be7 45. bxc5 bxc5 46. Be1 Qd6 47. Bc3 Bf6 48. Qe1 Bg7 49. Qxh4# 1-0

[Event "GER-chA Seniors 27th"]
[Site "Magdeburg"]
[Date "2015.08.23"]
[Round "9"]
[White "Klein, Reinhard"]
[Black "Wenske, Hardy"]
[Result "0-1"]
[WhiteElo "1942"]
[BlackElo "1786"]
[PlyCount "120"]
[EventDate "2015.08.15"]
[EventType "swiss"]
[EventRounds "9"]
[EventCountry "GER"]
[SourceTitle "EXT 2018"]
[Source "ChessBase"]
[SourceDate "2017.10.13"]
[SourceVersion "1"]
[SourceVersionDate "2017.10.13"]
[SourceQuality "1"]

1. d4 d5 2. c4 c6 3. Nc3 Nf6 4. Nf3 a6 5. cxd5 cxd5 6. e3 Nc6 7. a3 e6 8. Bd3 Be7 9. Bd2 b5 10. 0-0 e5 11. dxe5 Ng4 12. Rc1 Ncxe5 13. Bb1 Nc4 14. h3 Nf6 15. Qc2 g6 16. Rfd1 Bf5 17. Qb3 Bxb1 18. Nxb1 0-0 19. Bc3 Ne4 20. Bd4 Bf6 21. Bxf6 Qxf6 22. Rxd5 Qxb2 23. Qxb2 Nxb2 24. Nbd2 Nxd2 25. Nxd2 Rfd8 26. Rcc5 Rxd5 27. Rxd5 Rc8 28. Rd6 Nc4 29. Nxc4 bxc4 30. Rd2 Kf8 31. Kf1 Ke7 32. Ke1 Ke6 33. Kd1 Rc5 34. Rc2 Kd6 35. Kd2 Ra5 36. Rxc4 Rxa3 37. Rc2 a5 38. Kc1 Rb3 39. Ra2 Rb5 40. Ra4 Kc5 41. Kc2 Kb6 42. g4 f5 43. f4 Rb4 44. Ra1 Re4 45. Kd3 a4 46. Rb1+ Kc6 47. Rb8 Re7 48. Rb4 Ra7 49. gxf5 gxf5 50. e4 fxe4+ 51. Kxe4 a3 52. Rb1 a2 53. Ra1 Kd6 54. Kf5 Ke7 55. Kg5 Kf7 56. h4 Kg7 57. h5 Ra5+ 58. Kg4 Kf6 59. h6 Ra4 60. Kh5 Kf5 0-1

[Event "GER-chA Seniors 27th"]
[Site "Magdeburg"]
[Date "2015.08.16"]
[Round "2"]
[White "Dahlhaus, Friedhelm"]
[Black "Klein, Reinhard"]
[Result "1-0"]
[WhiteElo "2121"]
[BlackElo "1942"]
[PlyCount "56"]
[EventDate "2015.08.15"]
[EventType "swiss"]
[EventRounds "9"]
[EventCountry "GER"]
[SourceTitle "EXT 2018"]
[Source "ChessBase"]
[SourceDate "2017.10.13"]
[SourceVersion "1"]
[SourceVersionDate "2017.10.13"]
[SourceQuality "1"]

1. e4 d6 2. d4 g6 3. Nc3 Bg7 4. f4 Nd7 5. Nf3 Nb6 6. Bd3 Nh6 7. 0-0 0-0 8. Kh1 d5 9. e5 Bf5 10. Ng5 e6 11. Bxf5 Nxf5 12. g4 Ne7 13. b3 h6 14. Nf3 Nd7 15. Be3 Kh7 16. Qd3 Rh8 17. Bf2 Kg8 18. Bh4 Qf8 19. f5 exf5 20. Bxe7 Qxe7 21. gxf5 c6 22. f6 Nxf6 23. exf6 Bxf6 24. Rae1 Qd6 25. Ne5 Bxe5 26. dxe5 Qe6 27. Rf6 Qg4 28. e6 Re8 1-0

[Event "GER-chA Seniors 27th"]
[Site "Magdeburg"]
[Date "2015.08.15"]
[Round "1"]
[White "Krause, Christian"]
[Black "Klein, Reinhard"]
[Result "1-0"]
[WhiteElo "2140"]
[BlackElo "1942"]
[PlyCount "49"]
[EventDate "2015.08.15"]
[EventType "swiss"]
[EventRounds "9"]
[EventCountry "GER"]
[SourceTitle "EXT 2018"]
[Source "ChessBase"]
[SourceDate "2017.10.13"]
[SourceVersion "1"]
[SourceVersionDate "2017.10.13"]
[SourceQuality "1"]

1. g3 g6 2. Bg2 Bg7 3. c4 c5 4. Nc3 Nc6 5. e4 Nf6 6. Nge2 d6 7. 0-0 0-0 8. d3 Bd7 9. h3 Rb8 10. Be3 a6 11. a4 Na5 12. Rb1 e6 13. e5 Ne8 14. exd6 b6 15. b4 cxb4 16. Rxb4 Nc6 17. Rb2 Nxd6 18. Qb1 Nc8 19. c5 Na5 20. cxb6 Bxa4 21. Nxa4 Bxb2 22. Qxb2 Qxd3 23. Bf4 Nc4 24. Qf6 e5 25. Bh6 1-0